Women's Well-Being Inclusive and Sustainable Growth/ (Record no. 200022)

MARC details
000 -LEADER
fixed length control field 00694nam a22002057a 4500
005 - DATE AND TIME OF LATEST TRANSACTION
control field 20240108123205.0
010 ## - LCCN (DPL NO)
LC control number ENG-138821
020 ## - INTERNATIONAL STANDARD BOOK NUMBER
International Standard Book Number 978-81-945305-1-0
Terms of availability 795.00
035 ## - SYSTEM CONTROL NUMBER
System control number EN-122353
037 ## - SOURCE OF ACQUISITION
Source of stock number/acquisition DBAD/PUB
082 ## - DEWEY DECIMAL CLASSIFICATION NUMBER
Classification number 155.633
Edition number 1
245 ## - TITLE STATEMENT
Title Women's Well-Being Inclusive and Sustainable Growth/
Statement of responsibility, etc Edited by Pakiza Begum, Pimily Langathasa And Priyanka Tamuli
250 ## - EDITION STATEMENT
Edition statement 1
260 ## - PUBLICATION, DISTRIBUTION, ETC. (IMPRINT)
Place of publication, distribution, etc Assam
Name of publisher, distributor, etc The Gargon College,
Date of publication, distribution, etc 2023
270 ## - ADDRESS
Address Simaluguri, Sivasagar
City Assam-785686
300 ## - PHYSICAL DESCRIPTION
Extent 336p.
Dimensions 23cm(Hbk)
Other physical details Content
700 ## - ADDED ENTRY--PERSONAL NAME
9 (RLIN) 60332
710 ## - ADDED ENTRY--CORPORATE NAME
Corporate name or jurisdiction name as entry element Pakiza Begum, Pimily Langthasa And Priyanka Tamuli
Relator term Editors
9 (RLIN) 60735
942 ## - ADDED ENTRY ELEMENTS (KOHA)
Source of classification or shelving scheme Dewey Decimal Classification
Item type English Books
Classification part 155.633
Call number suffix WOM
Edition 1
Holdings
Withdrawn status Lost status Not for loan Collection code Home library Current library Date acquired Source of acquisition Cost, normal purchase price Full call number Barcode Copy number Cost, replacement price Koha item type
      Non-fiction Central Library Central Library 08/01/2024 DBAD 795.00 155.633 WOM EN-122353 1 795.00 English Books

© Delhi Public Library
Hit Counter
free hit counter